X-Men Quizzes 16: Rogue - Statistics

General Stats
  • This quiz has been taken 49 times
  • The average score is 10 of 12
Answer Stats
Hint Answer % Correct
Who is her blue-skinned brother? Nightcrawler / Kurt Wagner
100%
What colour is her hair? Red / White
100%
She can kill people simply by doing what? Touching Them
98%
How many X-Men movies did Rogue appear in? 4
95%
Who is her Cajun husband? Gambit / Remy LeBeau
93%
In the Fox movies, who is her boyfriend? Iceman / Bobby Drake
91%
How old was she when she first discovered her powers? 13
89%
What is her first name? Anna
80%
What is her supposed last name? Marie
80%
Who is her adopted mother? Mystique / Raven Darkhölme
80%
She can fly because she absorbed the powers of whom? Ms Marvel / Carol Danvers
70%
Who portrayed her in 2000? Anna Paquin
52%
No matching quizzes found
Score Distribution
Percent of People with Each Score
Percentile by Number Answered
Your Score History
You have not taken this quiz